| 000 | 00729nam a22002175i 4500 | ||
|---|---|---|---|
| 001 | 48302 | ||
| 003 | ES-MaACL | ||
| 005 | 20230906161729.0 | ||
| 007 | t| | ||
| 008 | 950712s1898 fr ||||1| fre d | ||
| 040 |
_aCAM _bspa _cCAM |
||
| 100 | 1 |
_aDacremont, Edouard. _942418 |
|
| 245 | 1 | 0 |
_aElectricité / _cpar Edouard Dacremont. |
| 260 |
_aParis : _bVve. Ch. Dunod, _c1898-1899 ( _eTours : _fImprimerie Deslis fréres) |
||
| 300 |
_a2 v. ; _c19 cm. |
||
| 490 | 1 | _aBibliothèque du conducteur de travaux publics | |
| 505 | 8 | _aContiene: I. Théorie et production -- II. Applications industrielles | |
| 830 | 0 |
_aBibliothèque du conducteur de travaux publics _9180955 |
|
| 852 |
_aES-MaACL _jF-2050-1 |
||
| 999 |
_c48302 _d48302 |
||